Statistics for Seattle Sounders Squad

Click here to take the quiz!

General Stats

  • This quiz has been taken 22 times
  • The average score is 11 of 29

Answer Stats

HintAnswer% Correct
2Clint Dempsey
100%
24Stefan Frei
83%
9Obafemi Martins
78%
6Osvaldo Alonso
72%
3Brad Evans
67%
20Zach Scott
67%
17Deandre Yedlin
61%
14Chad Marshall
56%
8Gonzalo Pineda
56%
10Marco Pappa
50%
12Leonardo Gonzalez
44%
27Lamar Neagle
44%
5Andy Rose
39%
33Kenny Cooper
33%
4Jalil Anibaba
33%
11Aaron Kovar
28%
29Josh Ford
28%
42Michael Azira
28%
15Dylan Remick
17%
16David Estrada
17%
22Eriq Zavaleta
17%
31Damion Lowe
17%
18Djimi Traore
17%
77Kevin Parsemain
11%
7Tristan Bowen
11%
13Sean Okoli
11%
23Cam Weaver
11%
1Marcus Hahnemann
11%
21Fabio Pereira
6%

Score Distribution

Percentile by Number Answered

Percent of People with Each Score

Your Score History

You have not taken this quiz